000 00705nam a22002297a 4500
005 20170124105936.0
010 _aA-427373
020 _c00.00
_a8185135495
035 _aA-427373
037 _bCen Lib/Ret
040 _aDPL
_bEN
082 _a350.1
_bKAU
100 _aUmesh Kumar
_99939
245 _aKautilaya's thought on public administration /
_cby Umesh Kumar
260 _aNew Delhi
_bNational Book Organisation
_c1990
270 _aH-39 Green Park Extension
_bNew Delhi
300 _axv,163
_c21cm(Hb)
500 _aIncludes bibliographic references and index
650 _aArthashastra
_99940
650 _aKautilya's arthashastra
_99941
942 _2ddc
_cEN
_h350
_mKAU
999 _c124243
_d124243